Actividad informativa, conflictividad extrema y derecho. Un anl̀isis interdisciplinar de doble estructura jurd̕ico-filosf̤ica /

Bibliographic Details
Main Author: Gallego Arce, Victoriano
Format: eBook
Language:Spanish
Published: Madrid: Dykinson, 2013
Subjects:
Online Access:Acceso restringido

MARC

LEADER 00000nam a22000007a 4500
005 20141006214922.0
007 cr|||| ||||
008 141006s2013 es |||||s|||| 00||0 spa d
020 |a 978-84-9031-965-9 
035 |a 12410 
040 |a vLex 
090 |c 5181  |d 5181 
100 1 |a Gallego Arce, Victoriano 
245 1 0 |a Actividad informativa, conflictividad extrema y derecho.  |h [Recurso electrn̤ico] :  |b Un anl̀isis interdisciplinar de doble estructura jurd̕ico-filosf̤ica /  |c Victoriano Gallego Arce 
256 |a Servicio en ln̕ea 
260 |a Madrid:  |b Dykinson,  |c 2013 
300 |a 1 recurso electrn̤ico 
500 |a Este trabajo de investigacin̤ aborda el estudio de la problemt̀ica jurd̕ica suscitada por la actividad informativa en aquellas situaciones en las que, de un modo u otro, resultada afectada la seguridad nacional. Unas situaciones en las que determinados derechos fundamentales o determinados conceptos jurd̕icos reivindican la eficaz proteccin̤ del Derecho, buscando la armona̕ y la concordancia entre todos los bienes jurd̕icos afectados. Analizando adems̀, con la permanente referencia en el superior valor de la paz, las posibles consecuencias de una retroalimentacin̤ de la conflictividad extrema motivada por los desencuentros o desajustes que pueden producirse entre los principios que estǹ llamados a intervenir en la tarea diaria de informar. En consecuencia se trata de planteamientos estrictamente jurd̕icos, aunque, en buena lid, al lector puede parecerle que no siempre nos ciąmos al m̀bito propio de la Filosofa̕ del Derecho sino que, con frecuencia observar ̀digresiones hacia el Derecho Constitucional y, por ende, forzosamente hacia el Derecho Administrativo. La finalidad de aquellos excursos hacia otras disciplinas jurd̕icas es formar una paleta amplia de colores con los que conseguir el mejor resultado a nuestro props̤ito, cumpliendo la meta de la interdisciplinariedad (across-the-disciplines) como elemento capital de la investigacin̤ contemporǹea en todo m̀bito del saber? Conceptos como verdad, veracidad, derecho a difundir y, sobre todo, el derecho a recibir informacin̤, Seguridad y Defensa Nacional, contextualizado a la actividad informativa que se desarrolla en torno a la conflictividad violenta y extrema exigen ser reconocidos en nuestro ordenamiento jurd̕ico para explorar, conocer, reconocer y, en su caso, seąlizar, no sl̤o, la posible existencia de lm̕ites sino tambiň comprobar la potencial existencia ?y en su caso consecuencias? de un posible efecto feed-back, retroalimentador, que pudiera generar toda esta fenomenologa̕? 
506 1 |a Disponible solo en los productos indicados  |d vLex Global  |d vLex Global (Academic Edition, excluding Law Schools)  |d vLex Global (U.S. Academic Edition, Law Schools)  |d vLex Global (U.S. Academic Edition, excluding Law Schools)  |d vLex Global (Academic Edition, Law Schools) 
650 0 4 |a Derecho Civil  |z Espaą 
650 0 4 |a Ciencias sociales  |z Espaą 
650 0 4 |a Filosofa̕ y religin̤  |z Espaą 
740 0 |a vLex Libros (Servicio en ln̕ea) 
856 4 0 |u http://vlex.com/source/actividad-informativa-conflictividad-extrema-y-derecho-un-analisis-interdisciplinar-de-doble-estructura-juridico-filosofica-12410  |z Acceso restringido 
942 |c BOOK 
999 0 |a Civil Law 
999 0 |a Social Sciences 
999 0 |a Philosophy and Religion